Entry Topical Term
Number of records used in: 1
001 - CONTROL NUMBER
003 - CONTROL NUMBER IDENTIFIER
005 - DATE AND TIME OF LATEST TRANSACTION
- control field:
20230821101205.0
008 - FIXED-LENGTH DATA ELEMENTS
- fixed length control field:
230821|| aca||aabn | a|a d
040 ## - CATALOGING SOURCE
- Original cataloging agency:
JRU
- Transcribing agency:
JRU
150 ## - HEADING--TOPICAL TERM
- Topical term or geographic name as entry element:
BPT
670 ## - SOURCE DATA FOUND
- Source citation:
Work cat.: (JRU)8369: HALL,JOHN E. AND HALL, MICHAEL E. 8070, GUYTON AND HALL TEXTBOOK OF MEDICAL PHYSIOLOGY THIRD SOUTH ASIA EDITION , 2020